Grammaire nouvelle Par les Exercices 4/3

Gorde:
Xehetasun bibliografikoak
Egile nagusia: A Baguette
Formatua: Liburua
Hizkuntza:Undetermined
Argitaratua: Paris Scodel 1979
Gaiak:
Etiketak: Etiketa erantsi
Etiketarik gabe, Izan zaitez lehena erregistro honi etiketa jartzen!
Thư viện lưu trữ: Trung tâm Học liệu Trường Đại học Cần Thơ
LEADER 00474nam a2200181Ia 4500
001 CTU_948
008 210402s9999 xx 000 0 und d
082 |a 445.076 
082 |b B149 
100 |a A Baguette 
245 0 |a Grammaire nouvelle 
245 0 |b Par les Exercices 4/3 
245 2 |c A Baguette, R Frankard 
260 |a Paris 
260 |b Scodel 
260 |c 1979 
650 |a french language - grammar 
980 |a Trung tâm Học liệu Trường Đại học Cần Thơ